000 00500nam a2200181Ia 4500
008 090124s9999 xx 000 0 und d
082 _b31376
_a7386
100 _aमांडे अरुण
245 _a रोबो कॉर्नर
250 _a1
260 _c2001
300 _a164
600 _aमांडे अरुण
630 _a रोबो कॉर्नर
700 _aमांडे अरुण
730 _a रोबो कॉर्नर
942 _cBOOK
999 _c144855
_d144855